Sports Quiz

Random Sports or NBA Quiz

NBA Players: #00- #99 Quiz Stats

 Plays Quiz not verified by Sporcle

Challenge
Share
Tweet
Embed
Score 0/56 Timer 10:00
0 Plays Today
Number Player % Correct
#0Al-Farouq Aminu...
82.9%
#3Omer Asik...
75.4%
#1Trevor Ariza...
68.3%
#24Kobe Bryant...
62.8%
#23Marcus Camby...
59.3%
#2Blake Ahearn...
49.7%
#5Jerryd Bayless...
49.7%
#4Kelenna Azubuike...
47.7%
#9Tony Allen...
46.7%
#7Carmelo Anthony...
45.7%
#6Arron Afflalo...
42.7%
#12LaMarcus Aldridge...
41.7%
#20Ray Allen...
41.2%
#33Ryan Anderson...
39.7%
#34Jason Collins...
39.2%
#13Corey Brewer...
38.7%
#15Gustavo Ayon...
37.7%
#11Chris Andersen...
35.2%
#21Wilson Chandler...
35.2%
#8Jeff Adrien...
34.7%
#37Derek Fisher
30.7%
#16Pau Gasol...
30.2%
#41Dirk Nowitzki...
28.6%
#42Elton Brand...
28.1%
#10Gilbert Arenas...
27.6%
#22Wayne Ellington...
26.6%
#35Kevin Durant...
25.6%
#50Joel Anthony...
25.1%
Number Player % Correct
#30Brandon Bass...
24.6%
#17Louis Amundson...
23.6%
#43Brian Cook...
20.6%
#14D.J. Augustin...
20.1%
#32Renaldo Balkman...
18.1%
#31Shane Battier...
16.6%
#88Nicolas Batum...
15.1%
#25James Anderson...
14.1%
#40Earl Barron...
13.6%
#44Dante Cunningham...
13.6%
#55Josh Harrellson...
11.6%
#00Spencer Hawes
11.6%
#18Josh Davis...
11.1%
#52Brad Miller
10.6%
#26Shannon Brown...
10.1%
#77Vladimir Radmanovic
9.5%
#28Leandro Barbosa...
7.5%
#27Jordan Hill...
7%
#45DeJuan Blair...
7%
#92DeShawn Stevenson
6.5%
#19Raja Bell...
4%
#85Baron Davis
4%
#54Kwame Brown...
2.5%
#36Omri Casspi
1.5%
#51Keyon Dooling
1.5%
#29Marcus Camby...
1%
#56Sean Williams
0%
#83Craig Smith
0%

You're not logged in!

Compare scores with friends on all Sporcle quizzes.
Join for Free
OR
Log In

You Might Also Like...

Show Comments

Extras

Top Quizzes Today


Score Distribution

Your Account Isn't Verified!

In order to create a playlist on Sporcle, you need to verify the email address you used during registration. Go to your Sporcle Settings to finish the process.

Report this User

Report this user for behavior that violates our Community Guidelines.

Details: